000
00366nam a2200157Ia 4500
008
150509s9999 xx 000 0 und d
082
_a
331.252 MIT
100
_a
Mitchell, John Keith
245
_a
Pension Schemes
260
_a
London:
260
_b
Stone & Cox
260
_c
1968
300
_a
107p. ;21cm
500
_a
Index
650
_a
Pensionslabor economics
999
_c
5829
_d
5829